000 00487 a2200169 4500
003 OSt
005 20231223103748.0
008 231223b |||||||| |||| 00| 0 eng d
020 _a9788181439208
040 _coclc
082 _a891.43371
_bSHA/R
100 _aSharma, Kshama
_910200
245 _aRASTA CHODO DARLING /
_cKshama Sharma
260 _aNew Delhi:
_bVani Prakashan,
_c2008.
300 _a275p
942 _2ddc
_cBK
_h891.43371
_iSHA/R
_k891.43371
_mSHA/R
999 _c43538
_d43538